| Record ID | marc_ithaca_college/ic_marc.mrc:203614367:875 |
| Source | Ithaca College Library |
| Download Link | /show-records/marc_ithaca_college/ic_marc.mrc:203614367:875?format=raw |
LEADER: 00875cam a22002654a 45 0
001 323827
005 20050104093539.0
008 030528s2004 maua b 001 0 eng
010 $a 2003012061
035 $a52478691
040 $aDLC$cDLC$dC#P$dXIM
020 $a0321125207
042 $apcc
050 00 $aTK5105.888$b.S82 2004
049 $aXIMM
100 1 $aSullivan, Dan,$d1962-
245 10 $aProven portals :$bbest practices for planning, designing, and developing enterprise portals /$cDan Sullivan.
260 $aBoston :$bAddison-Wesley,$cc2004.
300 $axxii, 196 p. :$bill. ;$c24 cm.
440 0 $aAddison-Wesley information technology series
504 $aIncludes bibliographical references (p. 183-186) and index.
650 0 $aWeb portals$xDesign.
650 0 $aWeb site development.
650 0 $aBusiness enterprises$xComputer networks.
994 $aC0$bXIM